Cinco historias del vino / (Record no. 123766)

MARC details
000 -LEADER
campo de control de longitud fija 00873nam a2200241 i 4500
001 - NÚMERO DE CONTROL
campo de control 123766
003 - IDENTIFICADOR DE NÚMERO DE CONTROL
campo de control ES-MaACL
005 - FECHA Y HORA DE LA ÚLTIMA TRANSACCIÓN
campo de control 20251001143240.0
007 - CAMPO FIJO DE DESCRIPCIÓN FÍSICA--INFORMACIÓN GENERAL
campo de control de longitud fija t|
008 - DATOS DE LONGITUD FIJA--INFORMACIÓN GENERAL
campo de control de longitud fija 070214s1960 sp r ||||1| spa d
080 ## - NÚMERO DE LA CLASIFICACIÓN DECIMAL UNIVERSAL
Número de la Clasificación Decimal Universal 821.134.2-32"19"
080 ## - NÚMERO DE LA CLASIFICACIÓN DECIMAL UNIVERSAL
Número de la Clasificación Decimal Universal 663.21(0:82)
100 0# - ENTRADA PRINCIPAL--NOMBRE DE PERSONA
Nombre de persona Quiñones, Fernando,
Fechas asociadas al nombre 1930-1998
9 (RLIN) 94750
245 10 - MENCIÓN DEL TÍTULO
Título Cinco historias del vino /
Mención de responsabilidad, etc. Fernando Quiñones ; carta al fabulador de José María Pemán ; dibujo de Francisco Moreno Galván.
260 ## - PUBLICACIÓN, DISTRIBUCIÓN, ETC.
Lugar de publicación, distribución, etc. Madrid :
Nombre del editor, distribuidor, etc. El Caballo y la Mar,
Fecha de publicación, distribución, etc. 1960.
300 ## - DESCRIPCIÓN FÍSICA
Extensión 85 p. :
Otras características físicas il. ;
Dimensiones 23 cm.
586 ## - NOTA DE PREMIOS
Nota de premios I Premio de Prosa en las XII Fiestas de la Vendimia y Jerezana
650 #4 - PUNTO DE ACCESO ADICIONAL DE MATERIA--TÉRMINO DE MATERIA
Término de materia o nombre geográfico como elemento de entrada Vinos-
Subdivisión de forma Cuentos.
9 (RLIN) 161500
700 1# - ENTRADA AGREGADA--NOMBRE PERSONAL
Nombre de persona Pemán, José María,
Fechas asociadas al nombre 1897-1981
9 (RLIN) 90130
700 1# - ENTRADA AGREGADA--NOMBRE PERSONAL
Nombre de persona Moreno Galván, Francisco,
Fechas asociadas al nombre 1925-1999
9 (RLIN) 173701
852 4# - LOCALIZACIÓN
Ubicación ES-MaACL
Número de control de estantería C-18384
Holdings
Estatus retirado Estado de pérdida Estado de daño No para préstamo Biblioteca de origen Biblioteca actual Ubicación en estantería Fecha de adquisición Fuente de adquisición Total de préstamos Signatura topográfica completa Código de barras Visto por última vez Precio de reemplazo Tipo de ítem Koha
        Biblioteca del Ateneo de Madrid Biblioteca del Ateneo de Madrid Galería 17/01/2008     C-18384 1128949 23/02/2023 23/02/2023 Libro impreso